00747nam a22002057a 450000500170000001000150001702000110003203500140004303700130005708200150007010000190008524500820010426000350018627000660022130000250028750000400031294200290035299900190038195201410040020170816124127.0 aENG-119695 c990.00 aEN-103227 bDBAD/PUB a309.173092 aReddy, V. Rami aFoundations ohf physical anthropology and human evolution /cby V. Rami Reddy aTirupati (AP)bV. Indirac2012 a8-30, (Opp.) Vidyanagar, SVUNT Colony,bTirupati (AP)e517502 aiv,380p. c26cm(pbk) aIncludes bibliographical references 2ddccENh309.173092mRED c143407d143407 001040718NFICaDBADbDBADd2017-08-16eDBAD/PUBg990.00l0o309.173092 REDpEN-103227r2017-08-16 00:00:00t1v990.00w2017-08-16yEN